00862nam a2200253Ia 4500003000900000005001700009008004100026040001300067040001300080041000800093100003000101245012200131250002300253260002300276260000900299300001100308300001000319490000600329700002400335700002300359942001200382999001700394952019700411IT-RoPAU20220918175822.0120407s9999 xx 000 0 und d aIT-RoPAU cIT-RoPAU aita aStefano M. Manelli935965 aPadre Pio nella sua interiorità€. Figlio di Maria, francescano, stigmatizzato, sacerdote, apostolo, guida spirituale aCinisello Balsamo  aSan Paolo Edizioni c1997 a286 p. c22 cm v1 aA. Negrisolo935966 aN. Castello935967 cBK2ddc c31487d31487 00102ddc406922_50000000000000071aPAULUSbPAULUSd2012-04-11l0o922.5r2012-04-11 00:00:00w2012-04-11yBKzInserito da: Jole In data: 12 settembre 2011 fondo: Via A.Severo 56 Progr:28184